Statistiques concernant Liste joueur Losc 2019-2020

Cliquez ici pour prendre le quiz!

Statistiques générales

  • Ce quiz a été pris 39 fois
  • Le résultat moyen est 11 sur 27

Statistiques - réponses

PosteJoueur% Correct
GardienMike Maignan
94%
DefenseurJose Fonte
86%
AttaquantJonathan Bamba
71%
AttaquantJonathan Ikone
69%
MilieuBenjamin Andre
60%
MilieuXeka
60%
DefenseurGabriel
57%
AttaquantVictor Osimhen
54%
DefenseurReinildo
51%
MilieuRenato Sanches
51%
DefenseurZeki Celik
51%
GardienLeo Jardim
46%
AttaquantLoic Remy
46%
DefenseurTiago Djalo
43%
DefenseurJeremy Pied
37%
AttaquantLuiz Araujo
37%
MilieuBoubakary Soumare
34%
DefenseurAdama Soumaoro
31%
MilieuYusuf Yazici
29%
AttaquantTimothy Weah
23%
MilieuThiago Maia
20%
MilieuCheikh Niasse
11%
MilieuJean Onana
6%
AttaquantAbou Ouattara
3%
MilieuNicolas Gaitan
3%
DefenseurDemagoj Bradaric
0%
DefenseurEric Bocat
0%

Distribution des résultats

Percentile par nombre de réponses

% des personnes avec chaque résultat

Votre développement - résultats

Vous n’avez pas pris ce quiz